<?xml version="1.0" encoding="UTF-8"?>
<record
    xmlns:xsi="http://www.w3.org/2001/XMLSchema-instance"
    xsi:schemaLocation="http://www.loc.gov/MARC21/slim http://www.loc.gov/standards/marcxml/schema/MARC21slim.xsd"
    xmlns="http://www.loc.gov/MARC21/slim">

  <leader>04650nam a2200313   4500</leader>
  <controlfield tag="001">113485</controlfield>
  <controlfield tag="003">DR-UNIBE</controlfield>
  <controlfield tag="005">20250424135825.0</controlfield>
  <controlfield tag="008">250424b2001    dr ||||| |||| 00| 0 spa d</controlfield>
  <datafield tag="020" ind1=" " ind2=" ">
    <subfield code="a">9789993481645</subfield>
  </datafield>
  <datafield tag="020" ind1=" " ind2=" ">
    <subfield code="a">9993481645</subfield>
  </datafield>
  <datafield tag="040" ind1=" " ind2=" ">
    <subfield code="a">BIBLIOTECA UNIBE</subfield>
    <subfield code="c">BIBLIOTECA UNIBE</subfield>
    <subfield code="b">spa</subfield>
  </datafield>
  <datafield tag="041" ind1=" " ind2=" ">
    <subfield code="a">spa</subfield>
  </datafield>
  <datafield tag="082" ind1=" " ind2=" ">
    <subfield code="2">22</subfield>
    <subfield code="a">RD 347.7293016 C348m 2001</subfield>
  </datafield>
  <datafield tag="100" ind1="1" ind2=" ">
    <subfield code="a">Castellanos Estrella, V&#xED;ctor Jos&#xE9;</subfield>
    <subfield code="e">autor</subfield>
    <subfield code="9">29257</subfield>
  </datafield>
  <datafield tag="245" ind1="1" ind2="0">
    <subfield code="a">Manual para jueces de paz /</subfield>
    <subfield code="c">V&#xED;ctor Jos&#xE9; Castellanos Estrella</subfield>
  </datafield>
  <datafield tag="250" ind1=" " ind2=" ">
    <subfield code="a">Tercera edici&#xF3;n ampliada, corregida y actualizada</subfield>
  </datafield>
  <datafield tag="260" ind1=" " ind2=" ">
    <subfield code="a">Santo Domingo :</subfield>
    <subfield code="b">Escuela Nacional de la Judicatura,</subfield>
    <subfield code="c">2001</subfield>
  </datafield>
  <datafield tag="300" ind1=" " ind2=" ">
    <subfield code="a">643 p&#xE1;ginas ;</subfield>
    <subfield code="c">28 cm</subfield>
  </datafield>
  <datafield tag="490" ind1=" " ind2=" ">
    <subfield code="a">Biblioteca b&#xE1;sica del juez de paz ;</subfield>
    <subfield code="v">1</subfield>
  </datafield>
  <datafield tag="500" ind1=" " ind2=" ">
    <subfield code="a">"Premio Nacional de Did&#xE1;ctica, 1991."</subfield>
  </datafield>
  <datafield tag="505" ind1="0" ind2=" ">
    <subfield code="a">Introducci&#xF3;n |
Introducciones para el uso de este manual |
PRIMERA PARTE. NORMATIVA JUR&#xCD;DICA |
Cap&#xED;tulo I. La Constituci&#xF3;n dominicana |
Cap&#xED;tulo II. La ley y otras fuentes |
Cap&#xED;tulo III. El poder judicial |
Cap&#xED;tulo IV. El juez de paz |
Cap&#xED;tulo V. La acci&#xF3;n en justicia |
Cap&#xED;tulo VI. El proceso en el juzgado de paz |
Cap&#xED;tulo VII. La sentencia |
SEGUNDA PARTE. AN&#xC1;LISIS DE LAS DISTINTAS LEYES PENALES QUE SON DE LA COMPETENCIA DEL JUZ DE PAZ. MODELOS DE ACTOS Y SENTENCIAS |
1.	Ley 241 de tr&#xE1;nsito y veh&#xED;culo de motor, Gaceta oficial 9068, de 3 de enero de 1968. Con sus modificaciones principales sobre la competencia de los juzgados de paz, las leyes No. 585, de 1977, que crea los juzgados especiales de tr&#xE1;nsito y la No. 114, que los faculta para conocer en primer grado de todas las infracciones a la ley 241 |
2.	Ley 1896, del 30 de octubre de 1948, sobre seguros sociales, Gaceta oficial 6883, del 14 de enero de 1949 |
3.	Art&#xED;culo 311 del c&#xF3;digo penal |
4.	Art&#xED;culo 410 del c&#xF3;digo penal |
5.	Ley de polic&#xED;a No. 4984, del 27 de marzo de 1911 |
6.	Ley 14-94, c&#xF3;digo para la protecci&#xF3;n de ni&#xF1;os |
7.	Ley No. 13 del 27 de abril de 1963 sobre control de precios, reformada por las leyes 60 y 352 del 20 de noviembre de 1965 y 10 de septiembre de 1968 respectivamente |
8.	Ley 13 bis, de fecha 12 de octubre 197 (falta de pago por alquiler de veh&#xED;culos) |
9.	Ley No. 36 sobre comercio, porte y tenencia de armas, del 17 de octubre de 1965. Gaceta oficial 8950 |
10.	Ley No. 5852 sobre dominio de aguas terrestres y distribuci&#xF3;n de aguas p&#xFA;blicas |
11.	Ley No. 5260 sobre establecimiento de empresas comerciales o industriales, registro mercantil o inscripci&#xF3;n industrial. Gaceta oficial No. 8428 del 5 de diciembre de 1959 |
12.	Reglamento 4377 sobre bromatolog&#xED;a nacional. Gaceta oficial No. 8315 |
13.	Art&#xED;culo 401, inciso 1 y los dos &#xFA;ltimos ac&#xE1;pites del mismo art&#xED;culo del c&#xF3;digo penal |
14.	Ley No. 1841 sobre pr&#xE9;stamos con prenda sin desapoderamiento del 9 de noviembre de 1948. Gaceta oficial No. 6857 |
15.	Ley No. 00016 o c&#xF3;digo de trabajo, de fecha 29 de mayo de 1992. Gaceta oficial No. 9836 de fecha 31 de mayo de 1992 |
16.	Listado de otras leyes de la competencia del juzgado de paz en atribuciones penales |
TERCERA PARTE. MODELOS DE SENTENCIAS DE CAR&#xC1;CTER CIVIL Y COMERCIAL |
A.	Cobro de pesos |
B.	Desalojo o cobro de pesos |
C.	Lanzamiento de lugar y desalojo |
D.	Desahucio |
E.	Acciones posesorias |
F.	Sentencia que ordena autorizaci&#xF3;n de embargo con motivo de incumplimiento de pensi&#xF3;n alimentaria (Ley 14-94 c&#xF3;digo para ni&#xF1;os, ni&#xF1;as y adolescentes) |
G.	Sentencia comercial en cobro de pesos |
CUARTA PARTE. ACTOS ADMINISTRATIVOS DEL JUEZ DE PAZ |
Cap&#xED;tulo I. El consejo de familia |
Cap&#xED;tulo II. Actos de notoriedad |
Cap&#xED;tulo III. Procedimiento de fijaci&#xF3;n y levantamiento de sellos |
Cap&#xED;tulo IV. Procedimiento con motivo de ejecuci&#xF3;n de contrato prendario |
Cap&#xED;tulo V. Otros actos administrativos |
QUINTA PARTE. MODELOS DE SENTENCIAS PARA LOS JUZGADOS DE PAZ MUNICIPALES |
1.	Sentencias dictadas con motivo de violaci&#xF3;n a la ley 675, de construcci&#xF3;n y ornato p&#xFA;blico |
SEXTA PARTE. ANEXOS |
1.	Gr&#xE1;fico: distribuci&#xF3;n jueces de paz por departamento judicial por sexo |
2.	Cuadro: composici&#xF3;n judicial dominicana por sexo |
3.	Mapas: juzgados de paz por municipio, juzgados especiales de tr&#xE1;nsito y juzgados especiales municipales |
4.	Glosario |
Bibliograf&#xED;a
</subfield>
  </datafield>
  <datafield tag="650" ind1=" " ind2="7">
    <subfield code="2">lemb</subfield>
    <subfield code="a">Jueces de paz</subfield>
    <subfield code="z">Rep&#xFA;blica Dominicana</subfield>
    <subfield code="v">Manuales</subfield>
    <subfield code="9">194548</subfield>
  </datafield>
  <datafield tag="650" ind1=" " ind2="4">
    <subfield code="a">Juzgados de paz</subfield>
    <subfield code="x">Organizaci&#xF3;n</subfield>
    <subfield code="v">Manuales</subfield>
    <subfield code="9">194549</subfield>
  </datafield>
  <datafield tag="650" ind1=" " ind2="7">
    <subfield code="2">lemb</subfield>
    <subfield code="a">Administraci&#xF3;n de justicia</subfield>
    <subfield code="z">Rep&#xFA;blica Dominicana</subfield>
    <subfield code="9">8552</subfield>
  </datafield>
  <datafield tag="655" ind1=" " ind2="7">
    <subfield code="2">lemb</subfield>
    <subfield code="a">Manuales</subfield>
    <subfield code="9">194534</subfield>
  </datafield>
  <datafield tag="700" ind1="1" ind2=" ">
    <subfield code="a">Subero Isa, Jorge A.,</subfield>
    <subfield code="d">1947-</subfield>
    <subfield code="e">prologuista</subfield>
  </datafield>
  <datafield tag="942" ind1=" " ind2=" ">
    <subfield code="2">ddc</subfield>
    <subfield code="c">BK</subfield>
  </datafield>
  <datafield tag="999" ind1=" " ind2=" ">
    <subfield code="c">113485</subfield>
    <subfield code="d">113485</subfield>
  </datafield>
  <datafield tag="952" ind1=" " ind2=" ">
    <subfield code="0">0</subfield>
    <subfield code="1">0</subfield>
    <subfield code="2">ddc</subfield>
    <subfield code="7">0</subfield>
    <subfield code="8">GEN-RD</subfield>
    <subfield code="a">Principal</subfield>
    <subfield code="d">2025-02-24</subfield>
    <subfield code="l">0</subfield>
    <subfield code="o">RD 347.7293016 C348m 2001</subfield>
    <subfield code="p">250345</subfield>
    <subfield code="r">2025-04-24 14:00:36</subfield>
    <subfield code="t">Ej. 1</subfield>
    <subfield code="w">2025-04-24</subfield>
    <subfield code="y">BK</subfield>
  </datafield>
</record>
